header

Women and men in political and business elites (Record no. 157779)

MARC details
000 -LEADER
fixed length control field 01566nam a2200361Ia 4500
082 04 - DEWEY DECIMAL CLASSIFICATION NUMBER
Classification number 305.4'8962
245 00 - TITLE STATEMENT
Title Women and men in political and business elites
260 ## - PUBLICATION, DISTRIBUTION, ETC. (IMPRINT)
Place of publication London ;
-- Thousand Oaks, Calif. :
Name of publisher SAGE,
Year of publication 2004.
300 ## - PHYSICAL DESCRIPTION
Number of Pages xvi, 208 p. :
Other physical details ill.
490 1# - SERIES STATEMENT
Series statement Sage studies in international sociology ;
650 #0 - SUBJECT ADDED ENTRY--TOPICAL TERM
Topical Term Elite (Social sciences)
Topical Term Women
Topical Term Businesswomen.
700 1# - ADDED ENTRY--PERSONAL NAME
Personal name Vianello, Mino,
Personal name Moore, Gwen,
Personal name Di Stefano, Giovanna.
856 40 - ELECTRONIC LOCATION AND ACCESS
Uniform Resource Identifier http://site.ebrary.com/lib/rucke/Doc?id=10080868

No items available.

© 2026 Rongo University
Contact us: librarian | system librarian | Rongo university